St. Paul the traveller and Roman Citizen. (Record no. 7713)

000 -LEADER
fixed length control field 00506nam a2200169 a 4500
001 - CONTROL NUMBER
control field :::00005475$&:&@@
003 - CONTROL NUMBER IDENTIFIER
control field OkBaRHE
005 - DATE AND TIME OF LATEST TRANSACTION
control field 20001027105039.0
008 - FIXED-LENGTH DATA ELEMENTS--GENERAL INFORMATION
fixed length control field s1979 j 000 0 eng u
040 ## - CATALOGING SOURCE
Transcribing agency
100 1# - MAIN ENTRY--PERSONAL NAME
Personal name Ramsay, William M.
245 10 - TITLE STATEMENT
Title St. Paul the traveller and Roman Citizen.
260 ## - PUBLICATION, DISTRIBUTION, ETC. (IMPRINT)
Place of publication, distribution, etc Grand Rapids, Michigan
Name of publisher, distributor, etc Baker Book House
Date of publication, distribution, etc 1979
300 ## - PHYSICAL DESCRIPTION
Extent 402p.
942 ## - ADDED ENTRY ELEMENTS (KOHA)
Source of classification or shelving scheme
Koha item type Books
Copies
Full call number Barcode Date acquired Koha item type Shelving location Copy number Permanent Location Damaged status Price effective from Date last seen Withdrawn status Lost status Not for loan Source of classification or shelving scheme
BS 2505 .R354752010-04-14BooksGeneral Stacks1RHEMA Bible Training College 2010-04-142018-03-16